Central Library OPAC University of Rajshahi

Pricing policies for public enterprises / (Record no. 44699)

MARC details
000 -LEADER
fixed length control field 00898nam a2200289 i 4500
001 - CONTROL NUMBER
control field 44699
003 - CONTROL NUMBER IDENTIFIER
rucl marc code BD-RjUL
005 - DATE AND TIME OF LATEST TRANSACTION
control field 20211209053913.0
008 - FIXED-LENGTH DATA ELEMENTS--GENERAL INFORMATION
fixed length control field 160720s1976 enk b 000 0 eng
020 ## - INTERNATIONAL STANDARD BOOK NUMBER
International Standard Book Number 0333189396 :
035 ## - SYSTEM CONTROL NUMBER
System control number MITb10277684
System control number (OCoLC)02491823
System control number (BD-RjUL)44817
040 ## - CATALOGING SOURCE
Original cataloging agency DLC
Transcribing agency DLC
Modifying agency m.c.
-- MYG
-- BD-RjUL
Language of cataloging eng
041 ## - LANGUAGE CODE
Language code of text/sound track or separate title eng
082 ## - DEWEY DECIMAL CLASSIFICATION NUMBER
Classification number 338.52
Author mark and year WEP 1976
100 1# - MAIN ENTRY--PERSONAL NAME
Personal name Webb, Michael G.
Fuller form of name (Michael Gordon),
Dates associated with a name 1940-
9 (RLIN) 137068
245 10 - TITLE STATEMENT
Title Pricing policies for public enterprises /
Statement of responsibility, etc. Michael G. Webb.
260 ## - PUBLICATION, DISTRIBUTION, ETC. (IMPRINT)
Place of publication, distribution, etc. London :
Name of publisher, distributor, etc. Macmillan,
Date of publication, distribution, etc. 1976.
300 ## - PHYSICAL DESCRIPTION
Pagination 95 p. ;
Size 21 cm.
490 1# - SERIES STATEMENT
Series statement Macmillan studies in economics ;
Volume/sequential designation [no.17]
504 ## - BIBLIOGRAPHY, ETC. NOTE
Bibliography, etc Bibliography: p. 92-[96].
650 #0 - SUBJECT ADDED ENTRY--TOPICAL TERM
Topical term or geographic name as entry element Pricing.
9 (RLIN) 136459
Topical term or geographic name as entry element Government business enterprises.
9 (RLIN) 137069
830 #0 - SERIES ADDED ENTRY--UNIFORM TITLE
Uniform title Macmillan studies in economics ;
Volume number/sequential designation no. 17.
942 ## - ADDED ENTRY ELEMENTS (KOHA)
Source of classification or shelving scheme Dewey Decimal Classification
Koha item type Books
Holdings
Lost status Source of classification or shelving scheme Damaged status Not for loan Collection code Permanent Location Current Location Shelving location Date acquired Source of acquisition Cost, normal purchase price Total Checkouts Full call number Date last seen Copy number Koha item type
  Dewey Decimal Classification     Non-fiction Central Library, University of Rajshahi Central Library, University of Rajshahi   17/10/1978 Heffer, London 1.95   338.52 WEP 1976 20/07/2016 C-2 Books
  Dewey Decimal Classification     Non-fiction Central Library, University of Rajshahi Central Library, University of Rajshahi   17/10/1978 Heffer, London 1.95   338.52 WEP 1976 20/07/2016 C-3 Books